Albo d'oro Supercoppa Europea - Statistics

Statistiche generali
  • Questo quiz è stato fatto 91 volte
    27 dall'ultimo reset
  • Il punteggio medio è 41 su 50
Statistiche sulle risposte
Anno Vincitore % Corretto
1992 Barcellona
100%
1997 Barcellona
100%
2009 Barcellona
100%
2011 Barcellona
100%
2015 Barcellona
100%
1998 Chelsea
100%
2021 Chelsea
100%
1984 Juventus
100%
1996 Juventus
100%
2025 Paris Saint-Germain
100%
2002 Real Madrid
100%
2014 Real Madrid
100%
2016 Real Madrid
100%
2017 Real Madrid
100%
2022 Real Madrid
100%
2024 Real Madrid
100%
2013 Bayern Monaco
95%
2020 Bayern Monaco
95%
1977 Liverpool
95%
2001 Liverpool
95%
2005 Liverpool
95%
2019 Liverpool
95%
1989 Milan
95%
1990 Milan
95%
1994 Milan
95%
2003 Milan
95%
2007 Milan
95%
2010 Atletico Madrid
91%
2012 Atletico Madrid
91%
2018 Atletico Madrid
91%
2023 Manchester City
91%
1991 Manchester United
91%
1987 Porto
91%
1993 Parma
77%
1973 Ajax
73%
1995 Ajax
73%
1999 Lazio
68%
2006 Siviglia
68%
1979 Nottingham Forest
64%
1982 Aston Villa
59%
1986 Steaua Bucarest
59%
1980 Valencia
59%
2004 Valencia
59%
2008 Zenit San Pietroburgo
50%
2000 Galatasaray
45%
1976 Anderlecht
27%
1978 Anderlecht
27%
1975 Dinamo Kiev
27%
1983 Aberdeen
18%
1988 Malines
18%
Nessun quiz corrispondente trovato
Distribuzione punteggi
Percentuale di utenti per punteggio
Percentile per numero di risposta
I tuoi punteggi nel tempo
Non hai fatto questo quiz dall'ultimo reset